DISCOVERING THE BIBLE: STORY AND FAITH OF THE BIBLICAL COMMUNITIES (Record no. 215707)

MARC details
000 -LEADER
fixed length control field 00579nam a22001697a 4500
008 - FIXED-LENGTH DATA ELEMENTS--GENERAL INFORMATION
fixed length control field 250619b |||||||| |||| 00| 0 eng d
020 ## - INTERNATIONAL STANDARD BOOK NUMBER
International Standard Book Number 0-8341-2247-2
050 ## - LIBRARY OF CONGRESS CALL NUMBER
Classification number BS 605.3 .D57 2006
100 ## - MAIN ENTRY--PERSONAL NAME
Personal name VARUGHESE, ALEX
245 ## - TITLE STATEMENT
Title DISCOVERING THE BIBLE: STORY AND FAITH OF THE BIBLICAL COMMUNITIES
260 ## - PUBLICATION, DISTRIBUTION, ETC.
Place of publication, distribution, etc. KANSAS CITY [MO]
Name of publisher, distributor, etc. BEACON HILL PRESS OF KANSAS CITY,
Date of publication, distribution, etc. 2006.
300 ## - PHYSICAL DESCRIPTION
Extent 464P,;ILL
500 ## - GENERAL NOTE
General note INCLUDES BIBLIOGRAPHICAL REFERENCES AND INDEX
650 ## - SUBJECT ADDED ENTRY
Topical term or geographic name entry element 1. BIBLE--TEXTBOOKS. 2. BIBLE--STUDY AND TEACHING.
942 ## - ADDED ENTRY ELEMENTS (KOHA)
Source of classification or shelving scheme Library of Congress Classification
Koha item type Long Loan Book
Holdings
Withdrawn status Lost status Source of classification or shelving scheme Damaged status Not for loan Collection Home library Current library Shelving location Date acquired Inventory number Total checkouts Full call number Barcode Date last seen Copy number Price effective from Koha item type
    Library of Congress Classification     Arts & Social Sciences Kisii University Library Kisii University Library On Display 06/19/2025 108391   BS 605.3 .D57 2006 000000024922 06/19/2025 1 06/19/2025 Long Loan Book
    Library of Congress Classification     Arts & Social Sciences Kisii University Library Kisii University Library On Display 06/19/2025 108392   BS 605.3 .D57 2006 000000024921 06/19/2025 2 06/19/2025 Long Loan Book
    Library of Congress Classification     Arts & Social Sciences Kisii University Library Kisii University Library On Display 06/19/2025 108393   BS 605.3 .D57 2006 000000024920 06/19/2025 3 06/19/2025 Long Loan Book
    Library of Congress Classification     Arts & Social Sciences Kisii University Library Kisii University Library On Display 06/19/2025 108394   BS 605.3 .D57 2006 000000024919 06/19/2025 4 06/19/2025 Long Loan Book
    Library of Congress Classification     Arts & Social Sciences Kisii University Library Kisii University Library On Display 06/19/2025 108395   BS 605.3 .D57 2006 000000024918 06/19/2025 5 06/19/2025 Long Loan Book